Michelangelo

Gespeichert in:
Bibliographische Detailangaben
1. Verfasser: Forlani, Ana (VerfasserIn)
Format: Buch
Sprache:Italienisch
Veröffentlicht: Milán Fratelli Fabri 1963
Schriftenreihe:I Maestri del Colore, 12
Schlagworte:
Tags: Tag hinzufügen
Keine Tags, Fügen Sie den ersten Tag hinzu!

MARC

LEADER 00000nam a2200000 a 4500
001 UCK4576
003 CL-VaPUC
008 050610e19630000IT |||||||||||||||||ita|d
082 0 4 |a 759.5  |b FOR  |2 21 
100 0 |a Forlani, Ana  |e author  |9 493129 
245 1 0 |a Michelangelo 
300 |a Pág. irreg 
942 |c BK 
945 |d 20050610 00:00:00  |a jcarroza 
260 |a Milán  |b Fratelli Fabri  |c 1963 
600 0 |a Miguel Angel  |q (Buonarroti, Michelangelo)  |d 1475-1564  |9 880971 
650 0 |a Pintura italiana  |9 265293 
650 0 |a Pintores italianos  |9 265277 
650 0 |a Arte renacentista   |9 264949 
583 |a last modification  |c 20050610 00:00:00  |k Rodrigo Vera 
490 0 |a I Maestri del Colore, 12 
999 |c 313403  |d 313401 
952 |0 0  |1 0  |4 0  |6 759_500000000000000_FOR_1963  |7 0  |8 A  |9 384732  |a BIBARQ  |b BIBARQ  |d 2019-11-22  |i 4127099  |o 759.5 FOR 1963  |p 4127099  |r 2025-01-20  |w 2019-11-22  |y BK  |k ARQ